LEADER 00989cam0 2200241 450 001 E600200043100 005 20210610071016.0 010 $a280270883X 100 $a20081212d1994 |||||ita|0103 ba 101 $afre 102 $aBE 200 1 $a<>réformes institutionnelles de 1993 vers un fèdéralisme achevé?$eActes du colloque organisé dans la salle du Conseil de la Région de Bruxelles-Capitale le 26-27 mars 1993 par le Centre de droit public de la Faculté de Droit de l'Université Libre de Bruxelles 210 $aBruxelles$cBruylant$d1994 215 $a471 p.$d24 cm 801 0$aIT$bUNISOB$c20210610$gRICA 850 $aUNISOB 852 $aUNISOB$j320$m85005 912 $aE600200043100 940 $aM 102 Monografia moderna SBN 941 $aM 957 $a320$b001716$gSi$d85005$racquisto$1pregresso3$2UNISOB$3UNISOB$420081212110728.0$520200114084817.0$6Spinosa 996 $aRéformes institutionnelles de 1993 vers un federalisme achevè$9703669 997 $aUNISOB